Uhorky vo voľnej pôde

Bibliographic Details
Main Author: Valentovičová, E. (Author)
Format: Article
Language:Slovak
PhysicalDescription:Obr. 1.
Subjects:

MARC

LEADER 00000nab a2200000 a 4500
001 vtls000180217
003 SK-MaSNL
005 20260302201150.0
008 111104c1984 xo 0 slo
015 |a SNBRB19rr/mm-uuuuu 
035 |a CL0190330 
040 |a SNKBUCL  |b slo  |c SNKBUCL  |e AACR2 
041 0 |a slo 
044 |a xo  |c SK 
080 |a 635.63  |2 1981 
100 1 |a Valentovičová, E.  |4 aut  |9 921063 
245 1 0 |a Uhorky vo voľnej pôde  |c E. Valentovičová 
300 |b Obr. 1. 
650 0 7 |a uhorky  |2 snkbucl  |9 1083 
655 7 |a články z novín a časopisov  |2 snkbucl  |9 267496 
773 0 |t Záhradkár  |g Roč. 20, č. 4 (1984), s. 74-75 
850 |a Slovenská národná knižnica v Martine  |a MTA001 
852 |a SNK  |b KIS3GCP 
958 |a RK 
992 |a RBX 
999 |c 1459876  |d 1461806